000 00707nam a22002295i 4500
001 13151
003 ES-MaACL
005 20250729042545.0
007 t|
008 951102s1989 sp ||||0| spa j
020 _a84-604-4594-1
080 _a342(073)
100 1 _aGómez Sánchez, Yolanda.
_958154
245 1 0 _aDerecho político.
_nI,
_pEsquemas /
_cYolanda Gómez Sánchez y Pedro J. Tenorio Sánchez.
250 _a1ª ed.
260 _aMadrid :
_bFacultad de Derecho, Universidad Complutense,
_c1989.
300 _a139 p. ;
_c21 cm.
650 1 7 _aDerecho político
_2embne
_9135897
700 1 _aTenorio Sánchez, Pedro J.
_9109702
852 _aES-MaACL
_jL-20493
999 _c13151
_d13151